[Event "TePe Sigeman Co 2022"]
[Site "Malmo"]
[Date "2022.05.03"]
[Round "1.1"]
[White "Erigaisi Arjun"]
[Black "Shirov, Alexei"]
[Result "1-0"]
[WhiteElo "2675"]
[BlackElo "2695"]
[Annotator "TA"]
[PlyCount "81"]
[EventDate "2022.05.03"]
[EventType "tourn"]
[EventCountry "SWE"]
[SourceTitle "playchess.com"]
[Source "ChessBase"]
[SourceQuality "1"]

{[%evp 22,81,37,0,42,35,38,19,36,35,25,13,16,9,40,26,20,0,35,41,37,34,52,48,48,47,37,0,0,0,59,52,52,54,92,82,817,675,1057,109,70,80,839,833,812,784,730,635,635,602,605,570,616,609,594,571,5904,5712,5169,4710,1695,752]} 1. d4 {[%emt 0:00:07]} d5 {[%emt 0:00:17]} 2. c4 {[%emt 0:00:08]} c6 {[%emt 0:00:03]} 3. Nf3 {[%emt 0:00:06]} Nf6 {[%emt 0:00:03]} 4. Nc3 {[%emt 0:00:06]} e6 {[%emt 0:00:04]} 5. Bg5 {[%emt 0:00:06]} dxc4 {[%emt 0:00:04]} 6. e4 {[%emt 0:00:05]} b5 {[%emt 0:00:03]} 7. e5 {[%emt 0:00:04]} h6 {[%emt 0:00:09]} 8. Bh4 {[%emt 0:00:05]} g5 {[%emt 0:00:04]} 9. Nxg5 {[%emt 0:00:06]} hxg5 {[%emt 0:00:03]} 10. Bxg5 {[%emt 0:00:06]} Nbd7 {[%emt 0:00:03]} 11. exf6 {[%emt 0:00:07]} Bb7 {[%emt 0:00:10]} 12. Be2 {[%emt 0:00:06]} Nxf6 {[%emt 0:02:01] D44: Semi-Slav: Botvinnik System.} 13. Bf3 {[%emt 0:00:07]} Be7 {[%emt 0:00:25] [#]} 14. g3 $146 {[%emt 0:00:07]} ({Predecessor:} 14. Nxb5 Qa5+ 15. Qd2 Qxb5 16. O-O O-O-O 17. Rfc1 Ne4 {0-1 (17) Benitah,Y (2377)-Fantinel,T (2375) Playchess.com INT 2021}) 14... Qb6 {[%emt 0:01:56] The position is equal.} 15. O-O {[%emt 0:00:09]} (15. Qe2 $5 {[%cal Re2e5]}) 15... O-O-O {[%emt 0:01:12]} 16. Qe2 {[%emt 0:00:06]} Qxd4 {[%emt 0:03:02]} 17. Rfd1 {[%emt 0:00:14] Inhibits Qd3.} Qc5 {[%emt 0:00:05]} 18. h4 {[%emt 0:00:05]} Rhg8 {[%emt 0:14:56]} 19. Rxd8+ {[%emt 0:00:28]} Bxd8 {[%emt 0:07:31]} 20. Bxf6 {[%emt 0:04:38]} Bxf6 {[%emt 0:02:01]} 21. Ne4 {[%emt 0:00:07][%csl LRc5,LRf6]} Qe5 {[%emt 0:26:52]} 22. Nxf6 {[%emt 0:00:29]} Qxf6 {[%emt 0:00:06]} 23. h5 {[%emt 0:00:05]} Rd8 {[%emt 0:11:04]} 24. a4 {[%emt 0:31:19]} (24. Kg2 $5 {[%cal Ra1h1]}) 24... c3 {[%emt 0:19:04]} 25. axb5 {[%emt 0:00:35]} cxb2 {[%emt 0:05:31]} (25... Rd2 $1 $11 26. Qe3 {[#]} (26. bxc6 $2 Rxe2 27. Bxe2 c2 $19) 26... cxb2 $1) 26. Rb1 $36 {[%emt 0:01:52][%mdl 2048] Black is under pressure.} c5 {[%emt 0:00:10]} 27. Bc6 {[%emt 0:19:19]} a5 {[%emt 0:04:59]} (27... Bxc6 $2 28. bxc6 Kc7 29. Qa6 $18) 28. Rxb2 {[%emt 0:06:11] [#] Black must now prevent Rd2.} a4 $2 {[%emt 0:01:25][%mdl 8192]} (28... Qd4 $16) 29. Rd2 $18 {[%emt 0:08:07]} a3 {[%emt 0:00:57]} 30. Ra2 {[%emt 0:03:21]} (30. Rxd8+ $18 {has better winning chances.} Kxd8 31. Bxb7) 30... Qc3 $16 {[%emt 0:00:14]} 31. h6 {[%emt 0:09:05]} Rh8 $2 {[%emt 0:00:41][%mdl 8192]} (31... Bxc6 $16 32. bxc6 c4) 32. Qd1 $18 {[%emt 0:04:25] White is clearly winning.} Bxc6 {[%emt 0:00:19]} 33. bxc6 {[%emt 0:00:05][%mdl 4096] Endgame Intending Qd7+ and mate. KQR-KQR} Qd4 {[%emt 0:00:08] Prevents Qd7+.} 34. Qb3 {[%emt 0:07:24] White wants to mate with Qb7+.} Qb4 {[%emt 0:00:15] Inhibits Qb7+.} 35. Qd3 {[%emt 0:00:06]} Rd8 {[%emt 0:00:06] Inhibits Qd7+.} 36. Qa6+ {[%emt 0:00:05]} Kc7 {[%emt 0:00:04]} 37. Rxa3 {[%emt 0:00:35]} Qb1+ {[%emt 0:02:07]} 38. Kg2 {[%emt 0:03:53] aiming for Qa7+.} Rd1 {[%emt 0:00:16]} 39. Qa7+ {[%emt 0:00:35]} Kxc6 {[%emt 0:00:07]} 40. Qa8+ {[%emt 0:00:46]} Kd6 {[%emt 0:01:17]} 41. h7 {[%emt 0:03:30] Weighted Error Value: White=0.29 (precise) /Black=0.17 (very precise)} (41. Qf3 $142 Ke5 42. Ra5) 1-0

[Event "TePe Sigeman Co 2022"]
[Site "Malmo"]
[Date "2022.05.03"]
[Round "1.2"]
[White "Salem, A.R. Saleh"]
[Black "Navara, David"]
[Result "1-0"]
[WhiteElo "2690"]
[BlackElo "2682"]
[Annotator "TA"]
[PlyCount "81"]
[EventDate "2022.05.03"]
[EventType "tourn"]
[EventCountry "SWE"]
[SourceTitle "playchess.com"]
[Source "ChessBase"]
[SourceQuality "1"]

{[%evp 9,81,0,0,0,0,8,0,6,54,30,18,21,74,70,57,72,74,43,48,79,72,57,68,78,86,99,129,108,114,125,168,24,31,0,0,-4,149,166,146,49,52,38,133,112,110,119,159,137,153,155,158,152,145,144,295,190,456,155,318,298,687,680,662,650,29954,7546,5085,1931,29976,29978,29977,5121,5106,5102]} 1. e4 {[%emt 0:00:02]} c5 {[%emt 0:01:21]} 2. Nf3 {[%emt 0:00:07]} d6 {[%emt 0:00:05]} 3. Bc4 {[%emt 0:00:06]} Nf6 {[%emt 0:00:17]} 4. d3 {[%emt 0:00:08]} Nc6 {[%emt 0:01:29]} 5. O-O {[%emt 0:00:13]} Bg4 {[%emt 0:10:55]} 6. h3 {[%emt 0:00:29] B50: Sicilian: 2...d6, Miscellaneous.} Bh5 {[%emt 0:00:08]} 7. g4 $5 {[%emt 0:00:08][%mdl 4] A promising side line.} Bg6 {[%emt 0:00:07] [#]} 8. Nh2 $146 {[%emt 0:00:06] The position is equal.} ({Predecessor:} 8. g5 d5 9. Bb5 dxe4 10. Ne5 Nd7 11. Nxc6 bxc6 12. Bxc6 exd3 13. Bxa8 Qxa8 14. cxd3 {1-0 (38) Rozentalis,E (2585)-Karlsson,L (2501) Stockholm 2006}) 8... d5 {[%emt 0:05:58]} (8... h6 $11 {might be stronger.}) 9. exd5 $14 {[%emt 0:00:43]} Nxd5 {[%emt 0:00:07]} 10. f4 {[%emt 0:01:28]} f6 {[%emt 0:00:18]} (10... h5 $11 {keeps the balance.}) 11. Nc3 $1 $16 {[%emt 0:03:07]} Bf7 {[%emt 0:04:45]} 12. Qf3 $1 $36 {[%emt 0:20:08][%cal Rc3d5][%mdl 2048] Keeping Black busy.} Nd4 {[%emt 0:06:24][%csl LRc2,LRf3]} 13. Qg2 {[%emt 0:09:05][%cal Rc3d5]} Nb4 {[%emt 0:00:31]} 14. Rf2 {[%emt 0:00:10]} Bxc4 {[%emt 0:01:24]} 15. dxc4 {[%emt 0:00:15]} e6 {[%emt 0:01:28]} 16. Be3 {[%emt 0:01:33]} Be7 {[%emt 0:02:40]} 17. Ne4 {[%emt 0:03:57]} f5 {[%emt 0:00:29]} 18. Ng3 {[%emt 0:00:05]} (18. gxf5 Nxf5 19. Bxc5 O-O) 18... Bh4 {[%emt 0:02:36] ...Ndxc2 is the strong threat.} 19. Nhf1 {[%emt 0:00:09] Strongly threatening Bxd4.} (19. Qxb7 Bxg3 20. Bxd4 Rb8 $17) 19... fxg4 {[%emt 0:04:32]} 20. hxg4 {[%emt 0:01:38]} ({White has to play} 20. Bxd4 $18 gxh3 21. Qxh3 (21. Qxb7 Rb8 $16) 21... cxd4 22. Qxe6+ Qe7 23. Qf5) 20... O-O $11 {[%emt 0:02:01]} 21. Bxd4 {[%emt 0:21:17]} (21. c3 {is more complex.} Nd3 22. Rd2 Nxf4 23. Bxf4 Rxf4 24. Nh2) 21... cxd4 {[%emt 0:01:39]} (21... Qxd4 22. c3 Qxc4 23. cxb4 $16) 22. Qxb7 {[%emt 0:00:05]} Nxc2 {[%emt 0:09:43]} 23. Rxc2 $16 {[%emt 0:01:26]} Rxf4 {[%emt 0:00:09]} 24. Nh5 {[%emt 0:11:12]} (24. Rg2 $16) 24... Rxg4+ $14 {[%emt 0:00:52]} 25. Rg2 {[%emt 0:01:07]} Rb8 {[%emt 0:04:25]} 26. Qf3 $16 {[%emt 0:01:58]} (26. Qxa7 $6 Rxg2+ 27. Kxg2 Qg5+ 28. Kh3 Qf5+ 29. Kxh4 Qe4+ 30. Kh3 Qf5+ 31. Kh4 Qe4+ 32. Kh3 Qf5+ 33. Kh4 $11) 26... Rxg2+ {[%emt 0:18:33]} 27. Qxg2 {[%emt 0:00:22][%csl Gh5][%cal Rg2g7]} g6 {[%emt 0:00:09]} 28. Nf4 {[%emt 0:08:07]} d3 {[%emt 0:01:23] [#] And now ...Qd4+ would win.} 29. Qe4 {[%emt 0:00:05] Prevents Qd4+.} Rxb2 {[%emt 0:05:37]} 30. Nxd3 {[%emt 0:00:30] Really sharp!} Rc2 {[%emt 0:02:52]} 31. Rb1 {[%emt 0:07:20]} (31. Qxe6+ $6 Kg7 32. Qe3 Rxc4 $14) 31... Bf6 $2 {[%emt 0:05:52]} (31... Qg5+ $16 32. Kh1 Qf5 33. Rb8+ Kf7 34. Rb7+ (34. Ne5+ Kg7 $16) 34... Kg8 35. Qxf5 (35. Rb8+ Kf7 $16) 35... exf5) 32. Kh1 {[%emt 0:05:47]} ({Don't do} 32. Qxe6+ Kh8 $18) 32... Rxa2 $2 {[%emt 0:06:51]} (32... Qd4 {was necessary.} 33. Qxe6+ Kg7 34. Rb7+ Kh6 35. Qh3+ Bh4) 33. Nf4 $2 {[%emt 0:00:05]} (33. Qxe6+ $18 {is the precise move to win.} Kh8 {[#]} 34. c5 $1) 33... Rb2 $2 {[%emt 0:00:41] A mistake that costs the game.} (33... Qd6 $16 34. Nxe6 (34. c5 Qe5 $18) 34... Ra6) 34. Nxe6 $18 {[%emt 0:02:47]} Qa5 {[%emt 0:00:31]} (34... Qb8 35. Rxb2 Qxb2) 35. Rxb2 {[%emt 0:01:27]} Bxb2 {[%emt 0:00:05]} 36. c5 {[%emt 0:00:37] Threatens to win with Qa8+.} Qa1 {[%emt 0:00:52]} 37. Qf3 {[%emt 0:00:29][%csl Ge6][%cal Rf3f8]} Bf6 {[%emt 0:00:06]} 38. c6 {[%emt 0:00:26] Intending c7 and mate.} ({Not} 38. Qa8+ Kf7 39. Kg1 Kxe6 40. Qc6+ Kf5 $17) 38... Qe5 {[%emt 0:00:05] [#]} 39. c7 $1 {[%emt 0:00:15]} Qxe6 {[%emt 0:00:05]} 40. Qa8+ {[%emt 0:00:08]} Kg7 {[%emt 0:00:05]} 41. c8=Q {[%emt 0:00:11] Weighted Error Value: White=0.23 (precise) /Black=0.72} 1-0

[Event "TePe Sigeman Co 2022"]
[Site "Malmo"]
[Date "2022.05.03"]
[Round "1.3"]
[White "Niemann, Hans Moke"]
[Black "Adams, Michael"]
[Result "1/2-1/2"]
[WhiteElo "2656"]
[BlackElo "2698"]
[Annotator "TA"]
[PlyCount "97"]
[EventDate "2022.05.03"]
[EventType "tourn"]
[EventCountry "SWE"]
[SourceTitle "playchess.com"]
[Source "ChessBase"]
[SourceQuality "1"]

{[%evp 18,97,14,12,21,20,23,24,25,3,22,16,26,0,0,0,0,-10,0,0,3,7,0,7,0,13,8,11,7,0,28,23,47,33,39,34,39,0,9,12,15,27,12,4,18,14,28,0,10,0,0,0,0,0,110,110,90,51,54,48,45,8,8,0,0,0,0,0,0,0,0,0,0,0,0,0,0,0,0,-4,-1,-8]} 1. d4 {[%emt 0:00:03]} Nf6 {[%emt 0:00:10]} 2. c4 {[%emt 0:00:09]} e6 {[%emt 0:00:06]} 3. Nc3 {[%emt 0:00:10]} d5 {[%emt 0:00:10]} 4. cxd5 {[%emt 0:01:21]} exd5 {[%emt 0:00:06]} 5. Bg5 {[%emt 0:00:22]} c6 {[%emt 0:00:20]} 6. Qc2 {[%emt 0:00:15]} h6 {[%emt 0:04:34]} 7. Bh4 {[%emt 0:00:09]} Be7 {[%emt 0:00:30]} 8. e3 {[%emt 0:00:08]} O-O {[%emt 0:03:33]} 9. Bd3 {[%emt 0:03:13]} Re8 {[%emt 0:01:19]} 10. Nge2 {[%emt 0:02:44]} a5 {[%emt 0:02:58] D36: Queen's Gambit Declined: Exchange Variation: Main line (5 Bg5 c6 6 Qc2).} 11. O-O {[%emt 0:02:41]} Na6 {[%emt 0:02:32][%cal Bb8a6,Ba6c7,Bc7e6,Be6g5][%mdl 32]} 12. a3 {[%emt 0:01:54] Against Nb4} Nc7 {[%emt 0:04:27] White has an edge.} 13. f3 {[%emt 0:06:45]} Ne6 {[%emt 0:10:23]} 14. Kh1 {[%emt 0:08:29] [#]} Bd7 $146 {[%emt 0:05:24]} ({Predecessor:} 14... c5 15. Bxf6 Bxf6 16. dxc5 Nxc5 17. Bb5 Re5 18. Rad1 Qb6 19. Nxd5 Qxb5 20. Nc7 Qc6 21. Nxa8 {1-0 (37) Vegh,E (2405)-Szeles,K (2355) Zalaegerszeg 1992}) 15. h3 {[%emt 0:12:50]} Rc8 {[%emt 0:04:26]} 16. Rad1 {[%emt 0:03:27]} b5 {[%emt 0:07:59]} 17. Bf5 {[%emt 0:10:02]} Ng5 {[%emt 0:06:32]} 18. Ng3 {[%emt 0:04:20]} Bf8 {[%emt 0:06:20]} 19. Bxd7 {[%emt 0:18:43]} Qxd7 {[%emt 0:00:08]} 20. e4 {[%emt 0:00:16]} dxe4 {[%emt 0:14:51]} 21. fxe4 {[%emt 0:00:13]} b4 {[%emt 0:01:35]} 22. axb4 {[%emt 0:02:03]} axb4 {[%emt 0:00:05] [#]} 23. e5 $1 {[%emt 0:04:53]} Nd5 {[%emt 0:05:12]} (23... bxc3 24. exf6) 24. Nxd5 {[%emt 0:00:20]} cxd5 {[%emt 0:00:08]} 25. Qe2 {[%emt 0:01:10]} g6 {[%emt 0:09:56]} 26. Bxg5 {[%emt 0:02:13]} hxg5 {[%emt 0:00:02]} 27. Qd2 {[%emt 0:03:09]} Be7 {[%emt 0:04:16]} 28. Rf2 {[%emt 0:00:53]} b3 {[%emt 0:01:17]} 29. Rdf1 {[%emt 0:06:31]} Rc2 {[%emt 0:00:25]} 30. Qe3 {[%emt 0:00:09]} Rxf2 {[%emt 0:01:11]} 31. Rxf2 {[%emt 0:00:21]} Rb8 {[%emt 0:02:58]} 32. Nf1 {[%emt 0:01:25][%cal Bg3f1,Bf1h2,Bh2f3,Bf3d2][%mdl 32]} Qe6 {[%emt 0:00:59]} 33. Nh2 {[%emt 0:00:56]} f5 {[%emt 0:01:07] Inhibits Ng4.} 34. Nf3 {[%emt 0:00:39]} f4 {[%emt 0:00:25]} 35. Qc3 {[%emt 0:01:49]} Rb6 {[%emt 0:00:56]} (35... Rc8 $11 {remains equal.} 36. Qxb3 Rc1+ 37. Ng1 Rc4) 36. Rf1 $16 {[%emt 0:00:31][%cal Bf2f1,Bf1c1,Bc1c3][%mdl 32]} Qc6 {[%emt 0:00:51]} 37. Rc1 {[%emt 0:00:58]} Qxc3 {[%emt 0:00:19]} 38. Rxc3 $14 {[%emt 0:00:01][%mdl 4096] Endgame KRB-KRN} Kf7 {[%emt 0:00:32][%cal Oe7a3]} 39. Nd2 {[%emt 0:01:30]} Rb4 $1 {[%emt 0:00:55] The position is equal.} 40. Nxb3 {[%emt 0:00:22]} Bd8 {[%emt 0:00:48]} 41. g3 {[%emt 0:07:28]} Bb6 {[%emt 0:03:46]} 42. Rd3 {[%emt 0:00:21]} Ke6 {[%emt 0:04:13]} 43. Kg2 {[%emt 0:01:05]} Kf5 {[%emt 0:02:06]} 44. Kf2 {[%emt 0:09:40]} fxg3+ {[%emt 0:09:50]} 45. Kf3 {[%emt 0:00:44]} Ba7 {[%emt 0:02:37]} 46. Kg2 {[%emt 0:00:27]} Ke4 {[%emt 0:02:30][%csl LRd3,LRd4]} 47. Rxg3 {[%emt 0:02:41]} Bxd4 {[%emt 0:00:11] [#] aiming for ...Be3.} 48. e6 {[%emt 0:00:12]} Be3 {[%emt 0:03:15]} 49. e7 {[%emt 0:09:30] Weighted Error Value: White=0.06 (flawless) /Black=0.09 (flawless)} 1/2-1/2

[Event "TePe Sigeman Co 2022"]
[Site "Malmo"]
[Date "2022.05.03"]
[Round "1.4"]
[White "Grandelius, Nils"]
[Black "Van Foreest, Jorden"]
[Result "1/2-1/2"]
[WhiteElo "2635"]
[BlackElo "2715"]
[Annotator "TA"]
[PlyCount "80"]
[EventDate "2022.05.03"]
[EventType "tourn"]
[EventCountry "SWE"]
[SourceTitle "playchess.com"]
[Source "ChessBase"]
[SourceQuality "1"]

{[%evp 11,80,6,22,13,20,5,23,10,26,14,22,19,25,25,24,29,25,33,26,14,29,0,0,0,0,0,0,0,0,0,16,13,22,4,4,4,4,4,4,4,4,0,15,0,37,37,50,50,50,46,46,10,10,15,19,0,0,0,0,0,0,0,0,-59,-59,-59,-59,-59,-59,-75,-75]} 1. e4 {[%emt 0:00:16]} c6 {[%emt 0:00:25]} 2. Nf3 {[%emt 0:01:09]} d5 {[%emt 0:00:18]} 3. exd5 {[%emt 0:00:29]} cxd5 {[%emt 0:00:14]} 4. d4 {[%emt 0:00:04]} Nc6 {[%emt 0:01:07]} 5. c4 {[%emt 0:00:31]} Nf6 {[%emt 0:00:12]} 6. Nc3 {[%emt 0:00:40]} a6 {[%emt 0:00:26]} (6... Bg4 {with more complications.} 7. Bg5 Ne4 8. Be3 e5) 7. c5 {[%emt 0:04:08] B13: Caro-Kann: Exchange Variation and Panov-Botvinnik Attack.} Bg4 {[%emt 0:01:03]} 8. Be3 {[%emt 0:00:18]} g6 {[%emt 0:00:07]} 9. Be2 {[%emt 0:03:53] White has an edge.} Bg7 {[%emt 0:02:28]} 10. O-O {[%emt 0:02:09] [#]} O-O $146 {[%emt 0:01:48]} ({Predecessor:} 10... e6 11. h3 Bxf3 12. Bxf3 Ng8 13. b4 Nge7 14. b5 axb5 15. Nxb5 Nf5 16. Bg4 Nxe3 17. fxe3 {1-0 (57) Kovalevskaya,E (2386)-Girya,O (2469) Sochi 2020}) 11. h3 {[%emt 0:00:45]} Bxf3 {[%emt 0:01:26]} 12. Bxf3 {[%emt 0:00:05][%cal Ob2b4]} e6 {[%emt 0:02:10]} 13. Rb1 {[%emt 0:08:22]} Qc7 {[%emt 0:14:33]} 14. b4 {[%emt 0:06:33]} Rfd8 {[%emt 0:01:19]} 15. Re1 {[%emt 0:23:27]} e5 {[%emt 0:06:53]} 16. dxe5 {[%emt 0:05:05]} d4 $1 {[%emt 0:07:16]} 17. exf6 {[%emt 0:02:47]} dxc3 {[%emt 0:01:59]} 18. Bd5 {[%emt 0:06:25]} Bxf6 {[%emt 0:00:06] [#] And now ...Qe5 would win.} 19. Qf3 {[%emt 0:00:06]} Bg7 {[%emt 0:05:07]} 20. a3 {[%emt 0:08:50]} Re8 {[%emt 0:04:46]} 21. Bb3 {[%emt 0:02:26]} Rad8 {[%emt 0:04:08]} 22. Rbd1 {[%emt 0:02:32]} Nd4 {[%emt 0:10:58]} 23. Bxd4 {[%emt 0:00:37] This bishop pair is nice.} Rxe1+ {[%emt 0:00:35]} 24. Rxe1 {[%emt 0:00:01] The board is on fire.} Bxd4 {[%emt 0:00:08]} 25. Rd1 {[%emt 0:07:30]} Kg7 {[%emt 0:02:14]} 26. g3 {[%emt 0:02:54]} Qe7 {[%emt 0:01:23]} 27. Kg2 {[%emt 0:00:57][%cal Bg1g2,Bg2f3,Bf3e4,Be4d3][%mdl 32]} Qf6 {[%emt 0:00:22]} 28. Qxf6+ {[%emt 0:01:26]} Bxf6 {[%emt 0:00:38][%cal Bd4f6,Bf6d8,Bd8g5,Bg5c1,Bc1a3,Ba3c5,Bc5f2,Bf2g3,Bg3e1,Be1a5][%mdl 32]} 29. Rxd8 {[%emt 0:00:08]} Bxd8 $14 {[%emt 0:00:04][%mdl 4096] Endgame KB-KB} 30. Kf3 {[%emt 0:00:12]} Bg5 {[%emt 0:01:14]} 31. Ke4 {[%emt 0:02:30]} Bc1 {[%emt 0:00:29]} 32. Kd3 {[%emt 0:00:28]} Bxa3 {[%emt 0:00:06]} 33. Kxc3 {[%emt 0:00:05]} a5 {[%emt 0:00:06]} 34. bxa5 {[%emt 0:00:05] [#] Hoping for Kc4.} Bxc5 {[%emt 0:00:05]} 35. f3 {[%emt 0:01:05]} Bf2 {[%emt 0:00:23]} 36. Bd5 {[%emt 0:01:22]} Bxg3 {[%emt 0:00:35]} 37. Bxb7 {[%emt 0:00:17]} (37. Kc4 $11) 37... Be1+ $15 {[%emt 0:00:07]} 38. Kd3 {[%emt 0:00:06]} Bxa5 {[%emt 0:00:07]} 39. Ke2 {[%emt 0:00:03]} f5 {[%emt 0:00:06]} 40. Kf1 {[%emt 0:00:03]} Kf6 {[%emt 0:00:06] Weighted Error Value: White=0.09 (flawless) /Black=0.04 (flawless)} 1/2-1/2

[Event "TePe Sigeman Co 2022"]
[Site "Malmo"]
[Date "2022.05.04"]
[Round "2.1"]
[White "Shirov, Alexei"]
[Black "Van Foreest, Jorden"]
[Result "1/2-1/2"]
[WhiteElo "2695"]
[BlackElo "2715"]
[Annotator "TA"]
[PlyCount "116"]
[EventDate "2022.05.03"]
[EventType "tourn"]
[EventCountry "SWE"]
[SourceTitle "playchess.com"]
[Source "ChessBase"]
[SourceQuality "1"]

1. e4 {[%emt 0:00:01]} c6 {[%emt 0:00:10]} 2. d4 {[%emt 0:00:04]} d5 {[%emt 0:00:09]} 3. e5 {[%emt 0:00:04]} c5 {[%emt 0:00:22]} 4. dxc5 {[%emt 0:00:24]} e6 {[%emt 0:00:29]} 5. a3 {[%emt 0:02:43]} Bxc5 {[%emt 0:00:40]} 6. b4 {[%emt 0:01:09] B12: Caro-Kann: Advance Variation.} Be7 {[%emt 0:00:32]} 7. c4 {[%emt 0:13:04]} a5 {[%emt 0:08:33]} 8. cxd5 {[%emt 0:05:34] The position is equal.} Qxd5 {[%emt 0:01:14]} 9. Qxd5 {[%emt 0:01:05]} exd5 {[%emt 0:00:05]} 10. Nc3 {[%emt 0:01:15] [#]} axb4 $146 {[%emt 0:10:38]} ({Predecessor:} 10... Be6 11. b5 f6 12. exf6 Bxf6 13. Bb2 Ne7 14. Na4 Bxb2 15. Nxb2 Nd7 16. Nf3 Nc5 {1-0 (67) Manukian,A (2196)-Yuan,Q (2373) Chess.com INT 2022}) 11. Nxd5 {[%emt 0:00:28]} Ra5 {[%emt 0:00:32]} 12. Bc4 {[%emt 0:09:07]} Rc5 {[%emt 0:03:26]} 13. Ne3 {[%emt 0:20:13]} Nc6 {[%emt 0:19:51]} 14. Nf3 {[%emt 0:01:30]} Nxe5 {[%emt 0:06:47]} 15. Nxe5 {[%emt 0:08:51]} Rxe5 {[%emt 0:00:09]} 16. Bb2 {[%emt 0:00:11]} Ra5 {[%emt 0:07:07]} (16... Rg5 $14) 17. Bxg7 $16 {[%emt 0:20:32]} Bf6 {[%emt 0:00:17]} 18. Bxf6 {[%emt 0:00:08]} (18. Bxh8 $16 Bxh8 19. O-O-O bxa3 20. Kb1) 18... Nxf6 $11 {[%emt 0:00:06]} 19. Ke2 {[%emt 0:00:07]} bxa3 {[%emt 0:01:07]} 20. Rhb1 {[%emt 0:00:15] Prevents b5.} O-O {[%emt 0:01:38]} 21. Rb3 {[%emt 0:00:30]} a2 $36 {[%emt 0:00:28][%mdl 2048] Black is pushing.} 22. Rb2 {[%emt 0:04:45]} Ne4 {[%emt 0:02:21][%cal Ob7b5] Threatens to win with ...b5!} 23. Bd3 {[%emt 0:04:24] Inhibits b5.} (23. f3 $11 {remains equal.} Nc3+ 24. Kd3) 23... Nc3+ $17 {[%emt 0:01:37]} 24. Kd2 {[%emt 0:00:05] [#]} Be6 $1 {[%emt 0:02:43] And now ...Na4 would win.} 25. Kxc3 {[%emt 0:05:00] aiming for Bc4.} Ra3+ {[%emt 0:00:05]} 26. Kc2 {[%emt 0:00:07]} Rc8+ {[%emt 0:00:06]} 27. Bc4 {[%emt 0:00:42]} Bxc4 {[%emt 0:01:21]} 28. Nxc4 {[%emt 0:00:05]} Rxc4+ {[%emt 0:00:06][%mdl 4096] Endgame KRR-KRR} 29. Kd2 {[%emt 0:00:03]} Rd4+ {[%emt 0:02:05]} 30. Ke2 {[%emt 0:00:22]} Re4+ {[%emt 0:00:05]} 31. Kd2 {[%emt 0:00:04]} Rg4 {[%emt 0:01:26]} (31... Rea4 $17 32. Rxb7 Kg7) 32. g3 {[%emt 0:02:12]} (32. Rbxa2 $15 Rxa2+ 33. Rxa2) 32... Rga4 {[%emt 0:00:20]} 33. Rxb7 {[%emt 0:00:14]} Kg7 {[%emt 0:00:04]} 34. Ke2 {[%emt 0:00:42]} Kf6 {[%emt 0:00:30]} 35. Rb2 {[%emt 0:00:40]} Kf5 {[%emt 0:00:23]} 36. f3 {[%emt 0:00:39]} h5 {[%emt 0:01:25]} 37. Kf2 {[%emt 0:00:46]} h4 {[%emt 0:01:17]} 38. Kg2 {[%emt 0:00:10]} Kg5 {[%emt 0:00:27]} 39. Kh3 {[%emt 0:00:46][%cal Of3f4]} f5 {[%emt 0:01:05]} ({Black should play} 39... hxg3 $17 40. hxg3 f5) 40. f4+ $15 {[%emt 0:00:16]} Kh5 {[%emt 0:00:58]} 41. Rd2 {[%emt 0:02:07]} (41. Rb5 $1 $15) 41... Ra8 {[%emt 0:01:54]} (41... hxg3 $2 42. hxg3 Ra8 43. Rc2 $19) 42. Rc2 {[%emt 0:03:35]} R8a6 {[%emt 0:00:18]} 43. Rb2 {[%emt 0:01:21]} Ra8 {[%emt 0:00:17]} 44. Rc2 $1 {[%emt 0:00:07]} R3a6 {[%emt 0:00:07]} ({Wrong is} 44... hxg3 $2 45. hxg3 R8a7 46. Re2 $19) 45. Rb2 {[%emt 0:00:35]} Kg6 {[%emt 0:00:05]} 46. Rc2 {[%emt 0:00:48]} Kf6 {[%emt 0:00:11]} 47. Rd2 {[%emt 0:00:46]} Ra3 {[%emt 0:01:45]} 48. Rd6+ {[%emt 0:00:45]} Ke7 {[%emt 0:00:09]} 49. Rd2 {[%emt 0:00:07]} Kf6 {[%emt 0:02:22]} (49... hxg3 $17 50. hxg3 Kf6) 50. Rd6+ $1 $11 {[%emt 0:00:11]} Kf7 {[%emt 0:00:20]} ({Don't go for} 50... Ke7 $2 51. Rd2 $19) 51. Rd7+ {[%emt 0:02:06]} (51. Kxh4 $11 Rh8+ 52. Kg5) 51... Kg6 {[%emt 0:00:14]} 52. Rd6+ {[%emt 0:00:06]} Kh5 {[%emt 0:00:09] Strongly threatening ...hxg3.} 53. Rd2 {[%emt 0:00:10]} R8a7 {[%emt 0:02:20]} 54. Rc2 {[%emt 0:00:28]} R3a6 {[%emt 0:00:20]} 55. Rb2 {[%emt 0:00:59]} Kg6 {[%emt 0:00:07]} 56. Rc2 {[%emt 0:00:29]} Kf6 {[%emt 0:00:10]} 57. Rd2 {[%emt 0:03:49]} Ra3 {[%emt 0:00:27]} 58. Rd6+ {[%emt 0:00:19]} Ke7 {[%emt 0:00:23]} 1/2-1/2